Clubs de Ligue 2 (2025-2026) - Statistiques

Statistiques générales
  • Ce quiz a été pris 63 fois
    40 depuis la dernière actualisation
  • Le résultat moyen est 14 sur 18
Statistiques - réponses
Ligue 2 % Correct
AS Saint-Etienne
100%
ESTAC
100%
AS Nancy
90%
Clermont
90%
Red Star
90%
Stade Lavallois
90%
US Boulogne
90%
FC Annecy
80%
Montpellier
80%
USL Dunkerque
80%
Amiens
70%
En Avant Guingamp
70%
Grenoble
70%
Rodez
70%
Stade de Reims
70%
Le Mans FC
60%
Pau FC
60%
SC Bastia
60%
Aucun quiz correspondant
Distribution des résultats
% des personnes avec chaque résultat
Percentile par nombre de réponses
Votre historique - résultats
Vous n’avez pas pris ce quiz depuis la dernière actualisation